| 000 | 00610cam a2200193 4500 | ||
|---|---|---|---|
| 001 | 3763 | ||
| 005 | 20181127171928.0 | ||
| 008 | 871019c19819999at hr 0 0eng c | ||
| 010 | _a 97649686 | ||
| 043 | _aa-ii--- | ||
| 130 | 0 | _aIndia (Lonely Planet Publications. | |
| 245 | 1 | 0 |
_aLonely planet : _bIndia / _cSarina Singh. |
| 246 | 3 | _aLonely Planet India | |
| 260 |
_3 _a[Delhi] : _bLonely Planet Publications, _c2011. |
||
| 300 |
_av. : _bill. (some col.), maps ; _c19-20 cm. |
||
| 500 | _aAt head of title: Lonely Planet, 2011. | ||
| 651 | 0 |
_aIndia _vGuidebooks. |
|
| 710 | 2 | _aLonely Planet Publications (Firm) | |
| 999 |
_c3077 _d3077 |
||